| 000 | 01007nam0a22002531 4500 | ||
|---|---|---|---|
| 001 | rc\2910695 | ||
| 005 | 20250529222422.0 | ||
| 035 | _a(NLR Aleph) 007061431 | ||
| 090 |
_a6289317 _c6289317 |
||
| 100 | _a20110807d1938 |||y0rusy50 ca | ||
| 101 | 0 | _arus | |
| 102 | _aRU | ||
| 105 | _ag z ||||| | ||
| 200 | 1 |
_aДума про Опанаса _eОпера для юношества в 5 к. с прологом _fЛибретто В. Гарлицкого и М. Красева (по поэме Э. Багрицкого) _gМузыка М. Красева _gЦентр. дом художеств. воспитания детей РСФСР |
|
| 210 |
_aШахты _cБ. и. _d1938 _gтип. изд-ва "Кр. шахтер" |
||
| 215 |
_a86 с. _cноты _d19 см |
||
| 702 | 1 |
_aГарлицкий _bВ. _4480 |
|
| 702 | 1 |
_aКрасев _bМ. _4480 |
|
| 702 | 1 |
_aБагрицкий _bЭ. _4570 |
|
| 801 | 0 |
_aRU _bNLR _gpsbo |
|
| 801 | 1 |
_aRU _bELAR _2rusmarc |
|
| 852 |
_aNLR _jИс80 В-4/12 |
||
| 942 | _cBOOK | ||
| 980 | _aNB | ||